La causalita' in criminologia
| Main Author: | |
|---|---|
| Format: | Print Book |
| Language: | Italian |
| Published: |
Roma
Bulzoni
1973
|
| In: |
Biblioteca di cultura (34)
Year: 1973 |
| Availability in Tübingen: | Present in Tübingen. UB: KB 4 A 125 |
| Check availability: | HBZ Gateway |
| Subito Delivery Service: | Order now. |
MARC
| LEADER | 00000cam a2200000 c 4500 | ||
|---|---|---|---|
| 001 | 1122387997 | ||
| 003 | DE-627 | ||
| 005 | 20240501190058.0 | ||
| 007 | tu | ||
| 008 | 960607s1973 xx ||||| 00| ||ita c | ||
| 035 | |a (DE-627)1122387997 | ||
| 035 | |a (DE-576)052387992 | ||
| 035 | |a (DE-599)BSZ052387992 | ||
| 035 | |a (OCoLC)249356071 | ||
| 040 | |a DE-627 |b ger |c DE-627 |e rakwb | ||
| 041 | |a ita | ||
| 100 | 1 | |a Kudrjavcev, Vladimir N. |d 1923-2007 |0 (DE-588)133489426 |0 (DE-627)546777260 |0 (DE-576)164863117 |4 aut | |
| 109 | |a Kudriavtsev, V. N. 1923-2007 |a Koudriavtsev, V. N. 1923-2007 |a Kudryavtsev, V. 1923-2007 |a Kudrjavcev, Vladimir N. 1923-2007 |a Kudrjawzew, Wladimir Nikolajewitsch 1923-2007 |a Kudryavtsev, Vladimir Nikolaevich 1923-2007 |a Kudriavtzev, Vladimir N. 1923-2007 |a Kudrjawzew, W. 1923-2007 |a Kudriavtsev, Vladimir Nikolaevich 1923-2007 |a Kudryavtsev, V.N. 1923-2007 |a Kudrjavčev, Vladimir N. 1923-2007 |a Kudriawcew, W. N. 1923-2007 |a Kudrjavcev, Vladimir Nikolaevič 1923-2007 |a Kudrjavcev, V. N. 1923-2007 |a Kudrjavčev, V. N. 1923-2007 |a Kudria︡︠vts︡︠ev, V. N. 1923-2007 |a Kudrjawzew, W. N. 1923-2007 |a Kudryavtsev, V. N. 1923-2007 |a Kudrjawzew, Wladimir N. 1923-2007 |a Kudrjawzew, Wladimir 1923-2007 |a Koudriavtsev, V.N. 1923-2007 |a Koudriavtsev, V. 1923-2007 | ||
| 240 | 1 | 0 | |a Pricinnost' v kriminologii <ita.> |
| 245 | 1 | 3 | |a La causalita' in criminologia |c V. N. Kudrjavcev |
| 264 | 1 | |a Roma |b Bulzoni |c 1973 | |
| 300 | |a 188 S. | ||
| 336 | |a Text |b txt |2 rdacontent | ||
| 337 | |a ohne Hilfsmittel zu benutzen |b n |2 rdamedia | ||
| 338 | |a Band |b nc |2 rdacarrier | ||
| 490 | 1 | |a Biblioteca di culture |v 34 | |
| 583 | 1 | |a Archivierung prüfen |c 20221111 |f DE-640 |z 2 |2 pdager | |
| 583 | 1 | |a Archivierung/Langzeitarchivierung gewährleistet |f SSG |x XA-DE-BW |2 pdager |5 DE-21 | |
| 700 | 1 | 2 | |a Kudrjavcev, Vladimir N. |d 1923-2007 |t Pricinnost' v kriminologii <ita.> |
| 830 | 0 | |a Biblioteca di cultura |v 34 |9 34 |w (DE-627)17064099X |w (DE-576)00201632X |w (DE-600)1085225-6 |7 am | |
| 889 | |w (DE-576)304402540 | ||
| 889 | |w (DE-627)1374402540 | ||
| 935 | |a mkri | ||
| 935 | |i mdedup | ||
| 951 | |a BO | ||
| ELC | |b 1 | ||
| LOK | |0 000 xxxxxcx a22 zn 4500 | ||
| LOK | |0 001 2282392450 | ||
| LOK | |0 003 DE-627 | ||
| LOK | |0 004 1122387997 | ||
| LOK | |0 005 19960607000000 | ||
| LOK | |0 008 960607||||||||||||||||ger||||||| | ||
| LOK | |0 040 |a DE-21 |c DE-627 |d DE-21 | ||
| LOK | |0 852 |a DE-21 | ||
| LOK | |0 852 1 |c KB 4 A 125 |9 00 | ||
| LOK | |0 935 |a krim | ||
| LOK | |0 939 |a 07-06-96 |b l01 | ||
| LOK | |0 000 xxxxxcx a22 zn 4500 | ||
| LOK | |0 001 2595622552 | ||
| LOK | |0 003 DE-627 | ||
| LOK | |0 004 1122387997 | ||
| LOK | |0 005 20220729210407 | ||
| LOK | |0 008 090317||||||||||||||||ger||||||| | ||
| LOK | |0 040 |a DE-Frei85 |c DE-627 |d DE-Frei85 | ||
| LOK | |0 852 |a DE-Frei85 | ||
| LOK | |0 852 1 |m p |9 00 | ||
| LOK | |0 938 |k p | ||
| LOK | |0 939 |a 17-03-09 |b l01 | ||
| ORI | |a SA-MARC-krimdoka001.raw | ||
| SIG | |a UB: KB 4 A 125 | ||
